000 00314nam a2200157Ia 4500
100 _aJangam/U.B.
490 _v2
942 _cBK
654 _amathematics I
245 _aApplied Mathematics-I
260 _bNandu Pub
_aPune
_c1998
082 _a519
_bJAN
300 _a260
546 _aENGLISH
999 _c21700
_d21700